Business finance in Australia : selected readings /

Saved in:
Bibliographic Details
Corporate Author: South Australian Institute of Technology. School of Accountancy
Other Authors: Peacock, R. W.
Format: Book
Language:English
Published: Adelaide : Techsearch, 1982.
Series:Forum series (South Australian Institute of Technology. School of Accountancy) ; no. 1.
Subjects:
LEADER 01380cam a2200325 a 4500
001 c000184841
003 CARM
005 20050811095910.0
008 820510s1982 xraa b 000 0 eng d
019 1 |a 2212304  |5 LACONCORD2021 
020 |a 0909386293 :  |c price unknown 
020 |a 0909386293 
035 |a (OCoLC)27573102  |5 LACONCORD2021 
040 |a ANB  |b eng  |c ANB  |d ANL:NR 
042 |a anuc 
082 0 4 |a 658.1/5  |2 19 
245 0 0 |a Business finance in Australia :  |b selected readings /  |c edited by R.W. Peacock. 
260 |a Adelaide :  |b Techsearch,  |c 1982. 
300 |a 346 p. :  |b ill. ;  |c 21 cm. 
490 1 |a Forum series / School of Accountancy, South Australian Institute of Technology ;  |v no. 1 
500 |a Business firms. Financial management (ANB/PRECIS SIN 0425699) 
504 |a Includes bibliographies. 
650 0 |a Corporations  |z Australia  |x Finance. 
650 0 |a Business enterprises  |z Australia  |x Finance. 
700 1 |a Peacock, R. W. 
710 2 |a South Australian Institute of Technology.  |b School of Accountancy. 
830 0 |a Forum series (South Australian Institute of Technology. School of Accountancy) ;  |v no. 1. 
852 8 |b CARM  |h A2:AK22A0  |i B05565  |p 0257540  |f BK 
999 f f |i 2a88d3da-3bfb-505f-83e3-5fb0bb578eab  |s 372ad03a-557f-5693-acf6-25f9c8efa7b6 
952 f f |p Can circulate  |a CAVAL  |b CAVAL  |c CAVAL  |d CARM 1 Store  |e B05565  |f A2:AK22A0  |h Other scheme  |i book  |m 0257540